000 01180nam a2200289 i 4500
003 EG-GICUC
005 20260121101208.0
008 251111s1962 ua ||||f |||| 00| 0 ara d
040 _a EG-GICUC
_bara
_c EG-GICUC
_d EG-GICUC
_erda
041 _aara
082 0 4 _221
_a345
_bم ح . ق
092 0 4 _221
099 _alaw1 07 345 م ح . ق 1962
100 0 _aمحمد علي آل ياسين
_eمؤلف.
245 _aالقانون الإداري :
_bالمبادئ العامة في نظرية المرافق العامة ,الضبط الإداري , القضاء الإداري مع مبحث خاص بالكويت في كل من هذة الموضوعات /
_cدكتور محمد علي آل ياسين
264 _aبيروت :
_bمكتبة الحديثة ,
_c1962.
300 _a328 صفحة
_c24 سم
336 _2rda content
_atext
337 _2rda media
_aComputer
338 _2rda carrier
_aOnline Resource
500 _aيشتمل علي ارجاعات ببليوجرافية
650 1 _aالقانون الإداري
_2qrmak
651 1 _2qrmak
856 4 0 _uhttps://fll.law.cu.edu.eg/fulltext/bks/B07-00728.pdf
905 _a74
942 _2ddc
_n0
_cBK
_e21
999 _c42431
_d42431